[Event "Aurora Spring op U2000"]
[Site "Aurora"]
[Date "2018.03.24"]
[Round "2.8"]
[White "Jordan, John1"]
[Black "Ganea, Mihai"]
[Result "0-1"]
[WhiteElo "1694"]
[BlackElo "1717"]
[PlyCount "52"]
[EventDate "2018.03.24"]
[EventType "swiss"]
[EventRounds "5"]
[EventCountry "CAN"]
[SourceTitle "EXT 2022"]
[Source "ChessBase"]
[SourceDate "2021.10.06"]
[SourceVersion "1"]
[SourceVersionDate "2021.10.06"]
[SourceQuality "1"]

1. d4 e6 2. Nf3 Nf6 3. Bg5 Be7 4. c4 b6 5. Nc3 Bb7 6. e3 Ne4 7. Bxe7 Qxe7 8. Be2 Nxc3 9. bxc3 0-0 10. 0-0 d6 11. Qc2 e5 12. e4 exd4 13. cxd4 Bxe4 14. Qd2 Qf6 15. Rfe1 Nc6 16. Rad1 h6 17. h3 Rae8 18. Nh2 Bf5 19. d5 Ne5 20. f4 Ng6 21. Bf1 Qh4 22. Nf3 Qxf4 23. Qc3 Qg3 24. Kh1 Nh4 25. Re3 Rxe3 26. Qxe3 Bxh3 0-1